[Event "Privolzhskogo FO-ch"]
[Site "Togliatti"]
[Date "2007.03.30"]
[Round "9"]
[White "Rozkov, Nikolai"]
[Black "Shushkareev, Gajnulla"]
[Result "1-0"]
[WhiteElo "2403"]
[BlackElo "2290"]
[PlyCount "81"]
[EventDate "2007.03.22"]
[EventType "swiss"]
[EventRounds "9"]
[EventCountry "RUS"]
[SourceTitle "EXT 2010"]
[Source "ChessBase"]
[SourceDate "2010.11.25"]
[SourceVersion "1"]
[SourceVersionDate "2010.11.25"]
[SourceQuality "1"]

1. d4 d5 2. Nf3 c5 3. c4 e6 4. cxd5 exd5 5. Nc3 Nc6 6. g3 Nf6 7. Bg2 Be7 8. 0-0 0-0 9. a3 a6 10. Bg5 c4 11. Ne5 Be6 12. Nxc6 bxc6 13. Na4 Rb8 14. Qc2 Qa5 15. Rfd1 Rb3 16. Bxf6 gxf6 17. Nc3 Rfb8 18. Rdb1 Qb6 19. e4 Rxb2 20. Qd1 Rxb1 21. Nxb1 Qb3 22. Qe1 Qd3 23. exd5 cxd5 24. Nc3 Bxa3 25. Nxd5 Qxd4 26. Nf4 Bf5 27. Qa5 Bc5 28. Bd5 Bb6 29. Bxf7+ Kxf7 30. Qxf5 Qe5 31. Qxh7+ Ke8 32. Qg8+ Kd7 33. Rd1+ Kc6 34. Qxc4+ Bc5 35. Qxa6+ Rb6 36. Qa8+ Kb5 37. Rb1+ Kc4 38. Qa4+ Bb4 39. Rc1+ Kd4 40. Qd1+ Ke4 41. Qd3# 1-0

[Event "Privolzhskogo FO-ch"]
[Site "Togliatti"]
[Date "2007.03.24"]
[Round "3"]
[White "Shushkareev, Gajnulla"]
[Black "Dubov, Danil"]
[Result "1-0"]
[WhiteElo "2290"]
[BlackElo "2110"]
[PlyCount "57"]
[EventDate "2007.03.22"]
[EventType "swiss"]
[EventRounds "9"]
[EventCountry "RUS"]
[SourceTitle "EXT 2010"]
[Source "ChessBase"]
[SourceDate "2010.11.25"]
[SourceVersion "1"]
[SourceVersionDate "2010.11.25"]
[SourceQuality "1"]

1. e4 c6 2. d4 d5 3. Nc3 dxe4 4. Nxe4 Nd7 5. Bc4 Ngf6 6. Ng5 e6 7. Qe2 Nb6 8. Bd3 Qxd4 9. N1f3 Bb4+ 10. c3 Bxc3+ 11. Kf1 Qb4 12. bxc3 Qxc3 13. Bb2 Qa5 14. Ne5 0-0 15. Qc2 g6 16. h4 Nbd5 17. Nc4 Qc7 18. Be5 Qd7 19. Rd1 Ng4 20. Nxh7 Kxh7 21. h5 f5 22. hxg6+ Kxg6 23. Be2 Nh6 24. Qc1 f4 25. Bxf4 Nf7 26. Bh5+ Kf6 27. Qb2+ Kf5 28. g4+ Kxf4 29. Qd2+ 1-0

[Event "Urals-ch"]
[Site "Orsk"]
[Date "2001.??.??"]
[Round "5"]
[White "Shushkareev, Gajnulla"]
[Black "Bezgodov, Alexei"]
[Result "0-1"]
[WhiteElo "2346"]
[BlackElo "2540"]
[PlyCount "66"]
[EventDate "2001.??.??"]
[EventType "swiss"]
[EventRounds "9"]
[EventCountry "RUS"]
[SourceTitle "EXT 2002"]
[Source "ChessBase"]
[SourceDate "2001.11.25"]
[SourceVersion "1"]
[SourceVersionDate "2001.11.25"]
[SourceQuality "1"]

1. e4 e5 2. Nf3 Nc6 3. d4 exd4 4. Nxd4 Bc5 5. Nxc6 Qf6 6. Qd2 bxc6 7. Nc3 Qg6 8. Qg5 d6 9. Bc4 Ne7 10. 0-0 Be6 11. Bb3 Qxg5 12. Bxg5 h6 13. Bxe7 Kxe7 14. Rfd1 a5 15. Na4 Ba7 16. Kf1 Rab8 17. Ke2 Rb4 18. f3 g5 19. Rac1 g4 20. c4 gxf3+ 21. gxf3 Rg8 22. Rd2 f5 23. Kd3 f4 24. Rcc2 Rg5 25. Rg2 Bh3 26. Rxg5 hxg5 27. Rc1 Be3 28. Re1 Bf2 29. Rc1 Bg2 30. Bd1 Bf1+ 31. Be2 Bxe2+ 32. Kxe2 Be3 33. Rc2 Rxa4 0-1

[Event "Urals-ch"]
[Site "Orsk"]
[Date "2001.??.??"]
[Round "7"]
[White "Shushkareev, Gajnulla"]
[Black "Obukhov, Alexander"]
[Result "0-1"]
[WhiteElo "2346"]
[BlackElo "2425"]
[PlyCount "64"]
[EventDate "2001.??.??"]
[EventType "swiss"]
[EventRounds "9"]
[EventCountry "RUS"]
[SourceTitle "EXT 2002"]
[Source "ChessBase"]
[SourceDate "2001.11.25"]
[SourceVersion "1"]
[SourceVersionDate "2001.11.25"]
[SourceQuality "1"]

1. e4 e5 2. Nf3 Nc6 3. d4 exd4 4. Nxd4 Nf6 5. Nxc6 bxc6 6. e5 Qe7 7. Qe2 Nd5 8. c4 Nb6 9. Nd2 Bb7 10. b3 g6 11. Ne4 0-0-0 12. Bg5 Qxe5 13. Bf6 Bb4+ 14. Kd1 Qe6 15. a3 Be7 16. Bxh8 Rxh8 17. Nc3 Qf6 18. Kc2 d5 19. g3 Rd8 20. Bh3+ Kb8 21. Rhe1 Bf8 22. f4 Qh8 23. Qe8 Rxe8 24. Rxe8+ Nc8 25. Rae1 f5 26. g4 Qf6 27. gxf5 Bg7 28. Na4 gxf5 29. Rg8 dxc4 30. bxc4 Qd4 31. Rxg7 Qxg7 32. Bxf5 Qd4 0-1